000
00283nam a22001217a 4500
082
_a
030
_b
ENC/E
100
_a
ENCYCLOPEDIA BRITANNICA
245
_a
ENCYCLOPEDIA BRITANNICA
260
_a
UK
_b
ENCYCLOPEDIA BRITANNICA
_c
2011
300
_b
CD 1
520
_a
ENCLYCLOPEDIA
942
_c
BK
999
_c
7341
_d
7341